UM Logo
Normal view MARC view
  • Public relations

Entry Topical Term

Number of records used in: 1

001 - CONTROL NUMBER

  • control field: 68443

003 - CONTROL NUMBER IDENTIFIER

  • control field: OSt

005 - DATE AND TIME OF LATEST TRANSACTION

  • control field: 20251003111939.0

008 - FIXED-LENGTH DATA ELEMENTS

  • fixed length control field: 251003|| aca||babn | a|a d

040 ## - CATALOGING SOURCE

  • Original cataloging agency: OSt

150 ## - HEADING--TOPICAL TERM

  • Topical term or geographic name entry element: Public relations
  • General subdivision: Management.